000 00450nam a2200193Ia 4500
005 20250603145444.0
008 250603s9999 xx 000 0 und d
020 _a0393954137
050 _aQC 21.2 .O37/
100 _aOhanian, Hans C.
245 0 _aOhanian's physics : study guide
250 _a2nd ed.
260 _aNew York
260 _bW. W. Norton & Company
260 _c1985
300 _a533 p
650 _aNew York
942 _cBK
999 _c41910
_d41910